| 000 | 00649nam a2200229Ia 4500 | ||
|---|---|---|---|
| 005 | 20250508163652.0 | ||
| 008 | 008 250505s9999 xx 000 0 eng d | ||
| 020 | _a0-415-12172-8 | ||
| 037 | _aReference | ||
| 040 |
_aFEDL _beng _cFEDL |
||
| 041 |
_aeng _2eng |
||
| 084 |
_a371.425, ALI _qFEDL |
||
| 100 |
_aAli Lynda _9402223 |
||
| 245 | 0 | _aCounselling approach to careers guidance | |
| 260 |
_aLondon, UK _bRoutledge _c1996 |
||
| 300 | _a198p. | ||
| 365 |
_aGBP _b40 |
||
| 650 |
_aVocational guidance; Counselling _9775932 |
||
| 700 |
_a Graham Barbara _9775933 |
||
| 942 |
_cREF _h371.425, ALI |
||
| 999 |
_c1384610 _d1384610 |
||